000 00734nam a22002057a 4500
999 _c3570
_d3570
005 20240226094801.0
008 240226b ||||| |||| 00| 0 eng d
020 _a9781405224819
040 _cKH8
082 _aFIC SMI
100 _aSmith, Dodie
_eAuthor
245 _aThe starlight barking
_cDodie Smith
260 _aLondon,
_bEgmont,
_c 2006
300 _a209 pages :
_billustrations ;
_c20 cm
520 _aSomething strange is afoot. The humans are unwakeable and the Dalmatians can swoosh through the air at great speed. What is going on? Could Cruella de Vil be up to her old tricks again?
650 _aChildren's stories
650 _aDalmatian dog
650 _aDalmatian dog
_vJuvenile fiction
942 _2ddc
_cFIC